1998 Champions League Final Juventus - Real Madrid - Statistics

General Stats
  • This quiz has been taken 548 times
  • The average score is 14 of 30
Answer Stats
Player % Correct
Zinedine Zidane
94%
Raúl
88%
Alessandro Del Piero
83%
Fernando Hierro
83%
Roberto Carlos
75%
Fernando Morientes
73%
Didier Deschamps
58%
Marcello Lippi
53%
Edgar Davids
51%
Clarence Seedorf
50%
Predrag Mijatović ¹
50%
Angelo Peruzzi
48%
Antonio Conte
47%
Fernando Redondo
46%
Filippo Inzaghi
46%
Bodo Illgner
41%
Manolo Sanchís
41%
Davor Šuker
37%
Paolo Montero
36%
Jupp Heynckes
35%
Gianluca Pessotto
34%
Christian Karembeu
33%
Christian Panucci
33%
Angelo Di Livio
32%
Alessio Tacchinardi
31%
Mark Iuliano
29%
Moreno Torricelli
26%
Jaime
11%
Daniel Fonseca
10%
José Amavisca
10%
No matching quizzes found
Score Distribution
Percent of People with Each Score
Percentile by Number Answered
Your Score History
You have not taken this quiz